Métodos: la práctica de la literatura, El vaso de agua y otros poemas-ensayo

Salvato in:
Dettagli Bibliografici
Autore principale: Ponge, Francis (Autore)
Natura: Libro
Lingua:spagnolo
Pubblicazione: Buenos Aires Adriana Hidalgo 2000
Serie:El Otro Lado. Ensayo y Poesía
Soggetti:
Tags: Aggiungi Tag
Nessun Tag, puoi essere il primo ad aggiungerne!!

MARC

LEADER 00000cam a2200000 a 4500
001 UCJ2685
003 CL-VaPUC
008 070112e20000000AG |||||||||||||||||spa|d
020 |a 9879396456 
082 0 4 |a 844  |b PON  |2 21 
100 0 |a Ponge, Francis  |e author  |9 503606 
245 1 0 |a Métodos: la práctica de la literatura, El vaso de agua y otros poemas-ensayo 
300 |a 301 p 
942 |c BK 
945 |d 20070112 00:00:00  |a cmena 
260 |a Buenos Aires  |b Adriana Hidalgo  |c 2000 
650 0 |a Ensayos franceses  |9 265511 
650 0 |a Literatura francesa  |9 266330 
583 |a last modification  |c 20160908 04:24:43  |k Rodrigo Vera 
490 0 |a El Otro Lado. Ensayo y Poesía 
999 |c 318824  |d 318822 
952 |0 0  |1 0  |4 0  |6 844_000000000000000_PON_2000  |7 0  |8 A  |9 396968  |a FDOPOS  |b FDOPOS  |d 2019-11-22  |i 4303490  |o 844 PON 2000  |p 4303490  |r 2025-01-22  |w 2019-11-22  |y BK  |k MLH 
952 |0 0  |1 0  |3 erb  |4 0  |6 844_000000000000000_PON_2000  |7 0  |8 A  |9 396969  |a BIBART  |b BIBART  |i 5340586  |o 844 PON 2000  |p 5340586  |r 2025-03-13  |w 2019-11-22  |y BK  |z Catalogado en:20160908  |k ART